000
00272nam a2200121 a 4500
008
100921s1956|||| d
245
1
0
_a
Obrázky z Haliče
100
1
_a
Franko, Ivan
260
_b
SVKL
_a
Bratislava
_c
1956
020
_c
8
044
_a
xo
_c
SK
041
_a
slo
999
_c
10580
_d
10580